| 000 | 00393nam a22001577a 4500 | ||
|---|---|---|---|
| 003 | SGT | ||
| 020 | _a9780323698204 | ||
| 082 |
_a617.645 _bM22D |
||
| 100 | _aDean, Jeffrey A. | ||
| 245 | _aMcDonald and Avery's Dentistry for the Child and adolescent | ||
| 250 | _a11th ed. | ||
| 260 |
_aNetherlands _bElsevier _c2022 |
||
| 300 | _a734 | ||
| 650 | _aPediatric Dentistry | ||
| 942 |
_2ddc _cBK _04 |
||
| 999 |
_c26792 _d26792 |
||